|
|
|
|
| LEADER |
00000nam a2200000 a 4500 |
| 001 |
vtls008774698 |
| 003 |
SK-MaSNL |
| 005 |
20260301220703.0 |
| 008 |
240318 xo 000 0 eng |
| 040 |
|
|
|a SNK
|b slo
|c SNK
|e AACR2
|
| 044 |
|
|
|a xo
|c SK
|
| 100 |
1 |
|
|a Smiešková, Elena,
|d 1919-2006
|4 aut
|9 211520
|
| 245 |
1 |
0 |
|a Szlovák - magyar frazeológiai szótár
|b slovensko - maďarský frazeologický slovník
|
| 250 |
|
|
|a 1. vyd.
|
| 260 |
|
|
|a Bratislava
|b Slovenské pedagogické nakladateľstvo
|c 1981
|
| 300 |
|
|
|a 145 s.
|
| 999 |
|
|
|c 932829
|d 934759
|
| 952 |
|
|
|a SNK
|b SNK
|y VYP
|7 0
|p 17A0512555
|o snkSD 52540 D1
|i snkKSP 923/82
|3 rekatalogizácia
|0 0
|1 0
|4 0
|d 2006-06-20
|l 0
|r 2026-02-24 08:54:09
|w 2026-02-24
|